000 00792nam a2200217Ia 4500
001 11166
003 GE_BSU
008 181216s||||||||xx |||||||||||||| ||und||
040 _cGE_BSU
080 _a626.8(075.32)
100 _aნაკაიძე,ვ
245 _aსამელიორაციო სისტემების ექსპლუატაცია.
245 _bსახელმძღვ.სოფლის მეურნეობის საშუალო სპეც.სასწავლებლებისათვის.
245 _cრედ:ლ.მესხი.
260 _aთბილისი.
260 _bგანათლება.
260 _c1985.
300 _a383გვ;22სმ.
300 _eილ;ცხრ.
942 _cBK
999 _c44401
_d44401